Legend of Blue-Eyes White Dragon Cards - Statistics

General Stats
  • This quiz has been taken 2 times
  • The average score is 43 of 126
Answer Stats
Name Rarity Category Stats % Correct
Blue-Eyes White Dragon Ultra Rare Normal Monster 8* 3000/2500
100%
Aqua Madoor Rare Normal Monster 4* 1200/2000
50%
Armaill Common Normal Monster 3* 700/1300
50%
Armed Ninja Rare Flip monster 1* 300/300
50%
Armored Starfish Common Normal Monster 4* 850/1400
50%
Beast Fangs Short Print Equip Spell
50%
Beaver Warrior Common Normal Monster 8* 1200/1500
50%
Celtic Guardian Super Rare Normal Monster 4* 1400/1200
50%
Charubin the Fire Knight Rare Fusion Monster 3* 1100/800
50%
Curse of Dragon Super Rare Normal Monster 5* 2000/1500
50%
Dark Energy Short Print Equip Spell
50%
Dark Gray Common Normal Monster 3* 800/900
50%
Dark Hole Super Rare Normal Spell
50%
Dark King of the Abyss Common Normal Monster 3* 1200/800
50%
Dark Magician Ultra Rare Normal Monster 7* 2500/2100
50%
Darkworld Thorns Common Normal Monster 3* 1200/900
50%
Dragon Capture Jar Rare Continuous Trap
50%
Dragoness the Wicked Knight Rare Fusion Monster 3* 1200/900
50%
Electro-Whip Short Print Equip Spell
50%
Exodia the Forbidden One Ultra Rare Effect Monster 3* 1000/1000
50%
Fiend Reflection #2 Common Normal Monster 4* 1100/1400
50%
Final Flame Rare Normal Spell
50%
Fireyarou Common Normal Monster 4* 1300/1000
50%
Fissure Rare Normal Spell
50%
Flame Manipulator Common Normal Monster 3* 900/1000
50%
Flame Swordsman Super Rare Fusion Monster 5* 1800/1600
50%
Forest Common Field Spell
50%
Fusionist Rare Fusion Monster 3* 900/700
50%
Gaia the Dragon Champion Secret Rare Fusion Monster 7* 2600/2100
50%
Gaia The Fierce Knight Ultra Rare Normal Monster 7* 2300/2100
50%
Giant Soldier of Stone Rare Normal Monster 3* 1300/2000
50%
Goblin's Secret Remedy Rare Normal Spell
50%
Gravedigger Ghoul Rare Normal Spell
50%
Green Phantom King Common Normal Monster 3* 500/1600
50%
Hane-Hane Rare Flip monster 2* 450/500
50%
Hard Armor Common Normal Monster 3* 300/1200
50%
Hinotama Common Normal Spell
50%
Hinotama Soul Common Normal Monster 2* 600/500
50%
Kagemusha of the Blue Flame Common Normal Monster 2* 800/400
50%
Karbonala Warrior Rare Fusion Monster 4* 1500/1200
50%
Kurama Common Normal Monster 3* 800/800
50%
Left Arm of the Forbidden One Ultra Rare Normal Monster 1* 200/300
50%
Left Leg of the Forbidden One Ultra Rare Normal Monster 1* 200/300
50%
Legendary Sword Short Print Equip Spell
50%
Lesser Dragon Common Normal Monster 4* 1200/1000
50%
Man Eater Common Normal Monster 2* 800/600
50%
Man-Eater Bug Super Rare Flip monster 2* 450/600
50%
Masaki the Legendary Swordsman Common Normal Monster 4* 1100/1100
50%
Meda Bat Common Normal Monster 2* 800/400
50%
Monster Reborn Ultra Rare Normal Spell
50%
Mountain Common Field Spell
50%
M-Warrior #1 Common Normal Monster 3* 1000/500
50%
M-Warrior #2 Common Normal Monster 3* 500/1000
50%
Mystical Elf Super Rare Normal Monster 4* 800/2000
50%
Nemuriko Common Normal Monster 3* 800/700
50%
Petit Angel Common Normal Monster 3* 600/900
50%
Petit Dragon Common Normal Monster 2* 600/700
50%
Polymerization Super Rare Normal Spell
50%
Pot of Greed Rare Normal Spell
50%
Raigeki Super Rare Normal Spell
50%
Ray & Temperature Common Normal Monster 3* 1000/1000
50%
Reaper of the Cards Rare Flip monster 5* 1380/1930
50%
Red Medicine Common Normal Spell
50%
Right Arm of the Forbidden One Ultra Rare Normal Monster 1* 200/300
50%
Right Leg of the Forbidden One Ultra Rare Normal Monster 1* 200/300
50%
Sand Stone Common Normal Monster 5* 1300/1600
50%
Skull Red Bird Common Normal Monster 4* 1550/1200
50%
Skull Servant Common Normal Monster 1* 300/200
50%
Sogen Common Field Spell
50%
Sparks Common Normal Spell
50%
Succubus Knight Common Normal Monster 5* 1650/1300
50%
Terra the Terrible Common Normal Monster 4* 1200/1300
50%
The 13th Grave Common Normal Monster 3* 1200/900
50%
The Furious Sea King Common Normal Monster 3* 800/700
50%
Trap Hole Super Rare Normal Trap
50%
Tri-Horned Dragon Secret Rare Normal Monster 8* 2850/2350
50%
Two-Pronged Attack Rare Normal Trap
50%
Tyhone Common Normal Monster 4* 1200/1400
50%
Umi Common Field Spell
50%
Uraby Common Normal Monster 4* 1500/800
50%
Vile Germs Short Print Equip Spell
50%
Wasteland Common Field Spell
50%
Witty Phantom Common Normal Monster 4* 1400/1300
50%
Yami Common Field Spell
50%
Basic Insect Common Normal Monster 2* 500/700
0%
Book of Secret Arts Short Print Equip Spell
0%
Darkfire Dragon Rare Fusion Monster 4* 1500/1250
0%
Dissolverock Common Normal Monster 3* 900/1000
0%
Dragon Treasure Short Print Equip Spell
0%
Drooling Lizard Common Normal Monster 3* 900/800
0%
Enchanting Mermaid Common Normal Monster 3* 1200/900
0%
Firegrass Common Normal Monster 2* 700/600
0%
Flame Ghost Rare Fusion Monster 3* 1000/800
0%
Flower Wolf Rare Fusion Monster 5* 1800/1400
0%
Follow Wind Super Short Print Equip Spell
0%
Frenzied Panda Common Normal Monster 4* 1200/1000
0%
Hitotsu-Me Giant Common Normal Monster 4* 1200/1000
0%
King Fog Common Normal Monster 3* 1000/900
0%
Kumootoko Common Normal Monster 3* 700/1400
0%
Larvas Common Normal Monster 3* 800/1000
0%
Laser Cannon Armor Short Print Equip Spell
0%
Machine Conversion Factory Short Print Equip Spell
0%
Mammoth Graveyard Common Normal Monster 3* 1200/800
0%
Metal Dragon Rare Fusion Monster 6* 1850/1700
0%
Misairuzame Common Normal Monster 5* 1400/1600
0%
Monster Egg Common Normal Monster 3* 600/900
0%
Mystical Moon Short Print Equip Spell
0%
Mystical Sheep #2 Common Normal Monster 3* 800/1000
0%
One-Eyed Shield Dragon Common Normal Monster 3* 700/1300
0%
Power of Kaishin Short Print Equip Spell
0%
Raise Body Heat Super Short Print Equip Spell
0%
Red-Eyes Black Dragon Ultra Rare Normal Monster 7* 2400/2000
0%
Remove Trap Common Normal Spell
0%
Root Water Common Normal Monster 3* 900/800
0%
Silver Bow and Arrow Short Print Equip Spell
0%
Silver Fang Common Normal Monster 3* 1200/800
0%
Spike Seadra Common Normal Monster 5* 1600/1300
0%
Spirit of the Harp Rare Normal Monster 4* 800/2000
0%
Steel Ogre Grotto #1 Common Normal Monster 5* 1400/1800
0%
Stop Defense Rare Normal Spell
0%
Swords of Revealing Light Super Rare Normal Spell
0%
Trial of Nightmare Common Normal Monster 4* 1300/900
0%
Tripwire Beast Common Normal Monster 4* 1200/1300
0%
Turtle Tiger Common Normal Monster 4* 1000/1500
0%
Two-Mouth Darkruler Common Normal Monster 3* 900/700
0%
Violet Crystal Short Print Equip Spell
0%
No matching quizzes found
Score Distribution
Percent of People with Each Score
Percentile by Number Answered
Your Score History
You have not taken this quiz